| 000 | 02346nam a22003737a 4500 | ||
|---|---|---|---|
| 001 | 100691 | ||
| 003 | KnowledgeUnlatched | ||
| 005 | 20210303105402.0 | ||
| 006 | m o d | ||
| 007 | cr u|||||||||| | ||
| 008 | 210129p20172017ncu o u00| u eng d | ||
| 035 | _a(OCoLC)959080872 | ||
| 037 | _5BiblioBoard | ||
| 245 | 0 | 0 |
_aSovereignty in Ruins _bA Politics of Crisis / _cGeorge Edmondson, Klaus Mladek. |
| 020 | _a9780822373391 | ||
| 029 | 1 | _ahttps://library.biblioboard.com/ext/api/media/0b92d937-069c-4a3e-aeed-a930bb7252da/assets/thumbnail.jpg | |
| 040 |
_aScCtBLL _cScCtBLL |
||
| 506 | 0 |
_aAccess copy available to the general public. _fUnrestricted _2star |
|
| 700 | 1 |
_aEdmondson, George _eeditor. |
|
| 700 | 1 |
_aMladek, Klaus _eeditor. |
|
| 264 | 1 | _bDuke University Press, | |
| 300 | _a1 online resource (361 p.) | ||
| 520 | _aFeaturing essays by some of the most prominent names in contemporary political and cultural theory, Sovereignty in Ruins presents a form of critique grounded in the conviction that political thought is itself an agent of crisis. Aiming to develop a political vocabulary capable of critiquing and transforming contemporary political frameworks, the contributors advance a politics of crisis that collapses the false dichotomies between sovereignty and governmentality and between critique and crisis. Their essays address a wide range of topics, such as the role history plays in the development of a politics of crisis; Arendt's controversial judgment of Adolf Eichmann; Strauss's and Badiou's readings of Plato's Laws; the acceptance of the unacceptable; the human and nonhuman; and flesh as a biopolitical category representative of the ongoing crisis of modernity. | ||
| 588 | 0 | _aDescription based on print version record. | |
| 590 | _aKU Select 2016 Front List Collection | ||
| 650 | 7 |
_aPhilosophy / Political _2bisacsh |
|
| 650 | 0 | _aPhilosophy | |
| 655 | 0 | _aElectronic books. | |
| 758 |
_iIs found in: _aKnowledge Unlatched _1https://openresearchlibrary.org/module/2774bc74-146a-484f-a7ba-ab1d6a09bbfb |
||
| 856 | 4 | 0 |
_uhttps://openresearchlibrary.org/content/0b92d937-069c-4a3e-aeed-a930bb7252da _zView this content on Open Research Library. _70 |
| 999 |
_c25238 _d25238 |
||